Les dessinateurs de Spirou - Statistiques

Statistiques générales
  • Ce quiz a été pris 14 fois
  • Le résultat moyen est 12 sur 29
Statistiques - réponses
Période ou Année Réponse % Correct
1946-1969 Franquin
100%
1982-2002 Janry
86%
1938-1943 Rob-Vel
79%
1969-1980 Fournier
71%
2004-2008 Munuera
64%
1943-1946 Jijé
57%
1980-1983 Nic
57%
2008 Bravo
43%
2018 Bravo
43%
2019 Bravo
43%
2021 Bravo
43%
2022 Bravo
43%
2016 Féroumont
36%
2022- Schwartz
36%
2009 Schwartz
36%
2014 Schwartz
36%
2017 Schwartz
36%
2010-2018 Yoann
36%
2006 Yoann
36%
2010 Parme
29%
2007 Tarrin
29%
2020 Tarrin
29%
2007 Le Gall
21%
2021 Durieux
14%
2019 Flix
14%
2016 Frank Pé
14%
2018 Lebeault
14%
2022 Libon
14%
2015 Téhem
14%
Aucun quiz correspondant
Distribution des résultats
% des personnes avec chaque résultat
Percentile par nombre de réponses
Votre historique - résultats
Vous n’avez pas pris ce quiz